000 00555cam a22001933a 4500
001 45064
003 PGUSA
005 20140828084029.0
008 140307s2014||||xxu|||||s|||||000 | eng d
040 _aPGUSA
_beng
042 _adc
245 1 0 _aLittle Crumbs and other stories :
_bFully Illustrated
_h[electronic resource] /
_cAnonymous
260 _bProject Gutenberg,
_c2014
506 _aPublic domain in the USA.
516 _aElectronic text
830 0 _aProject Gutenberg
_v45064
856 4 0 _uhttp://www.gutenberg.org/ebooks/45064
942 _cEB
999 _c274315
_d274315